"United in Diversity": The Motto of the EU in Official EU Languages - Statistics

General Stats
  • This quiz has been taken 34 times
  • The average score is 17 of 23
Answer Stats
Language Motto % Correct
Spanish Unida en la diversidad
100%
Greek Ενωμένοι στην πολυμορφία
96%
Italian Unita nella diversità
92%
French Unie dans la diversité
88%
German In Vielfalt geeint
84%
Portuguese Unida na diversidade
84%
Romanian Uniţi în diversitate
84%
Bulgarian Единство в многообразието
80%
Dutch In verscheidenheid verenigd
80%
Polish Zjednoczona w różnorodności
80%
Swedish Förenade i mångfalden
80%
Slovene Združena v raznolikosti
72%
Czech Jednotná v rozmanitosti
68%
Finnish Moninaisuudessaan yhtenäinen
68%
Irish Aontaithe san éagsúlacht
68%
Hungarian Egység a sokféleségben
64%
Slovak Zjednotení v rozmanitosti
64%
Croatian Ujedinjeni u različitosti
60%
Danish Forenet i mangfoldighed
60%
Estonian Ühinenud mitmekesisuses
56%
Latvian Vienota dažādībā
56%
Lithuanian Suvienijusi įvairovę
56%
Maltese Magħquda fid-diversità
56%
No matching quizzes found
Score Distribution
Percent of People with Each Score
Percentile by Number Answered
Your Score History
You have not taken this quiz